| 000 -LEADER |
| fixed length control field |
01005cam a22002775i 4500 |
| 001 - CONTROL NUMBER |
| control field |
19044880 |
| 005 - DATE AND TIME OF LATEST TRANSACTION |
| control field |
20230113181704.0 |
| 008 - FIXED-LENGTH DATA ELEMENTS--GENERAL INFORMATION |
| fixed length control field |
160405s2016 nyu 000 0 eng |
| 010 ## - LIBRARY OF CONGRESS CONTROL NUMBER |
| LC control number |
2016905658 |
| 020 ## - INTERNATIONAL STANDARD BOOK NUMBER |
| International Standard Book Number |
9781945150074 (alk. paper) |
| 040 ## - CATALOGING SOURCE |
| Original cataloging agency |
DLC |
| Language of cataloging |
eng |
| Description conventions |
rda |
| Transcribing agency |
DLC |
| 042 ## - AUTHENTICATION CODE |
| Authentication code |
pcc |
| 100 1# - MAIN ENTRY--PERSONAL NAME |
| Personal name |
Kalisvaart, Isaac. |
| 245 14 - TITLE STATEMENT |
| Title |
The marine etablissement : |
| Remainder of title |
Edward P. Bass distinguished visiting architecture fellowship / |
| Statement of responsibility, etc. |
Isaac Kalisvaart ; [edited by] Owen Howlett. |
| 250 ## - EDITION STATEMENT |
| Edition statement |
1st edition. |
| 263 ## - PROJECTED PUBLICATION DATE |
| Projected publication date |
1604 |
| 264 #1 - PRODUCTION, PUBLICATION, DISTRIBUTION, MANUFACTURE, AND COPYRIGHT NOTICE |
| Place of production, publication, distribution, manufacture |
New York, NY : |
| Name of producer, publisher, distributor, manufacturer |
Actar D, |
| Date of production, publication, distribution, manufacture, or copyright notice |
2016. |
| 300 ## - PHYSICAL DESCRIPTION |
| Extent |
pages cm |
| 336 ## - CONTENT TYPE |
| Content type term |
text |
| Content type code |
txt |
| Source |
rdacontent |
| 337 ## - MEDIA TYPE |
| Media type term |
unmediated |
| Media type code |
n |
| Source |
rdamedia |
| 338 ## - CARRIER TYPE |
| Carrier type term |
volume |
| Carrier type code |
nc |
| Source |
rdacarrier |
| 906 ## - LOCAL DATA ELEMENT F, LDF (RLIN) |
| a |
0 |
| b |
ibc |
| c |
orignew |
| d |
2 |
| e |
epcn |
| f |
20 |
| g |
y-gencatlg |
| 925 0# - |
| -- |
acquire |
| -- |
1 shelf copy |
| -- |
Sel/rjc, 2016-05-25 |
| 963 ## - |
| -- |
Xisca Florit; phone: (34) 933282183; email: dist-int@actar-d.com; bc: brian.brash@actar-d.com |